Todos os brasileiros campeões do UFC - Statistics

Estatísticas Gerais
  • Esse quiz foi jogado 286 vezes
  • A pontuação média é 14 de 21
Estatísticas das Respostas
Categoria Ano Lutador % Correto
Peso Médio 2006-2013 Anderson "Spider" Silva
98%
Peso Meio-Pesado 2023-2024 Alex "Poatan" Pereira
90%
Peso Médio 2022-2023 Alex "Poatan" Pereira
90%
Peso Leve 2021-2022 Charles "do Bronxs" Oliveira
89%
Peso Pena (M) 2010-2015, 2016 José Aldo
89%
Peso Galo (F) 2016-2021, 2022-2023 Amanda Nunes
74%
Peso Pena (F) 2018-2023 Amanda Nunes
74%
Peso Mosca 2023-2024 Alexandre Pantoja
72%
Peso Pesado 2014-2016 Fabrício Werdum
70%
Peso Meio-Pesado 2009-2010 Lyoto "Dragon" Machida
70%
Peso Meio-Pesado 2004 Vitor Belfort
70%
Peso Pesado 2008 Antônio "Minotauro" Nogueira
64%
Peso Meio-Pesado 2010-2011 Mauricio "Shogun" Rua
64%
Peso Meio-Pesado 2021-2022 Glover Teixeira
63%
Peso Pesado 2011-2012 Junior "Cigano" dos Santos
62%
Peso Mosca 2020-2021, 2022 Deiveson Figueiredo
57%
Peso Pena (F) 2017-2018 Cristiane "Cyborg" Justino
53%
Peso Leve 2015-2016 Rafael dos Anjos
53%
Peso Galo (M) 2012-2014 Renan "Barão" Pegado
43%
Peso Palha 2019 Jéssica Andrade
33%
Peso Médio 2002 Murilo Bustamante
28%
Nenhum quiz correspondente encontrado
Distribuição das Pontuações
Porcentagem de Pessoas com Cada Pontuação
Percentil de Números Respondidos
Sua Pontuação Histórica
Você não jogou esse quiz